| 000 | 01291cam a2200217 4500 | ||
|---|---|---|---|
| 001 | ABS66844 | ||
| 008 | 030610n2003 000 0 eng u | ||
| 035 | _a(Sirsi) u122563 | ||
| 245 | _aE-conveyancing special | ||
| 260 | _c2003 | ||
| 490 |
_aEstates Gazette _v(0322) 31 May 2003, 127-137(11) |
||
| 520 | _aA series of articles on e-conveyancing examine the progress made to date and the issues that still need resolving. Electronic conveyancing aims to speed up all property transactions, making them cheaper and more transparent. The Land Registration Act 2002 comes into force on 13 October 2003 and the new system will roll out on a voluntary basis between January 2006-07. Articles discuss the industry's response to the Land Registry's e-conveyancing consultation, the Land Registry's efforts to take note of consultation responses, electronic searches via the National Land Information Service (NLIS), how e-conveyancing technology will affect the work of practitioners, and the new stamp duty regime. | ||
| 590 | _aABS | ||
| 650 | _aNATIONAL LAND INFORMATION SERVICE | ||
| 650 | _aELECTRONIC TRANSACTIONS | ||
| 650 | _aPROPERTY TRANSACTIONS | ||
| 650 | _aLAND REGISTRATION ACT 2002 | ||
| 650 | _aSTAMP DUTY | ||
| 690 | _aPROPERTY AND LAND LAW-CONVEYANCING | ||
| 942 | _n0 | ||
| 999 |
_c72841 _d72841 |
||